Focus (Record no. 83223)

MARC details
000 -LEADER
fixed length control field 01077cab a22002535a 4500
001 - CONTROL NUMBER
control field L153192
008 - FIXED-LENGTH DATA ELEMENTS--GENERAL INFORMATION
fixed length control field 110622e20110611xxk 000 0 eng d
035 ## - SYSTEM CONTROL NUMBER
System control number (Sirsi) u153192
041 0# - LANGUAGE CODE
Language code of text/sound track or separate title eng
100 1# - MAIN ENTRY--PERSONAL NAME
Personal name Robson, Claire
245 00 - TITLE STATEMENT
Title Focus
Remainder of title Somerset, Devon and Cornwall
260 ## - PUBLICATION, DISTRIBUTION, ETC.
Date of publication, distribution, etc. 2011
490 ## - SERIES STATEMENT
Series statement Estates Gazette
Volume/sequential designation (1123) 11 June 2011, 59-75(12)
520 ## - SUMMARY, ETC.
Summary, etc. Includes regeneration scheme by Midlands-based developer St Modwen which is embarking in projects in Locking Parklands, North Somerset and Skypark, Exeter. Also features the South West Regional Development Agency and its transfering of strategic assets to three councils to ensure major regeneration and economic development is kept in the public sector and the outlook for the new build residential sector which is seeing an upturn in demand.
590 ## - LOCAL NOTE (RLIN)
Local note KA
651 #4 - SUBJECT ADDED ENTRY--GEOGRAPHIC NAME
Geographic name Somerset
651 #4 - SUBJECT ADDED ENTRY--GEOGRAPHIC NAME
Geographic name Devon
651 #4 - SUBJECT ADDED ENTRY--GEOGRAPHIC NAME
Geographic name Cornwall
690 ## - LOCAL SUBJECT ADDED ENTRY--TOPICAL TERM (OCLC, RLIN)
Topical term or geographic name as entry element PROPERTY-COMMERCIAL PROPERTY-COMMERCIAL PROPERTY MARKET
700 1# - ADDED ENTRY--PERSONAL NAME
Personal name Day, Karen
700 1# - ADDED ENTRY--PERSONAL NAME
Personal name Thame, David
700 1# - ADDED ENTRY--PERSONAL NAME
Personal name Norwood, Graham
942 ## - ADDED ENTRY ELEMENTS (KOHA)
Suppress in OPAC 0
Holdings
Withdrawn status Lost status Source of classification or shelving scheme Damaged status Not for loan Home library Current library Shelving location Date acquired Total Checkouts Full call number Barcode Date last seen Copy number Price effective from Koha item type
    Dewey Decimal Classification     London London Journal article 22/06/2011   L153192 153192-1001 06/08/2019 1 06/08/2019 Journal article